[Event "Zadar B Open 2016"]
[Site "Zadar"]
[Date "2016.12.14"]
[Round "6.14"]
[White "Yordanov, Nikolay"]
[Black "Klasan, Elvis"]
[Result "1/2-1/2"]
[WhiteElo "2146"]
[BlackElo "1949"]
[PlyCount "120"]
[EventDate "2016.12.11"]
[EventCountry "CRO"]

1. e4 e5 2. Bc4 Nc6 3. Nf3 Bc5 4. c3 Nf6 5. d4 exd4 6. cxd4 Bb4+ 7. Bd2 Bxd2+
8. Nbxd2 d6 9. O-O O-O 10. h3 d5 11. exd5 Nxd5 12. Ne4 Na5 13. Bd3 Nf4 14. Bc2
Nc4 15. Rc1 Nd6 16. Re1 Nxe4 17. Bxe4 c6 18. Qb3 Rb8 19. Ne5 Be6 20. Qf3 Qg5
21. h4 Qxh4 22. g3 Nh3+ 23. Kg2 Qf6 24. Qxf6 gxf6 25. Nc4 f5 26. Bb1 Ng5 27.
Ne3 Rfd8 28. f4 Ne4 29. Nxf5 Bxf5 30. Bxe4 Bxe4+ 31. Rxe4 Rd7 32. f5 Kg7 33.
Rh1 Rbd8 34. Rhh4 h5 35. Kf3 Rd5 36. Ref4 Kf6 37. Rxh5 Rxd4 38. Rh6+ Kg7 39.
Rh2 Rd3+ 40. Kg4 R8d4 41. Rxd4 Rxd4+ 42. Kf3 Rd3+ 43. Kf4 Rd4+ 44. Ke3 Rg4 45.
Kf3 Rd4 46. g4 Kf6 47. Rh6+ Kg7 48. Rh2 Kf6 49. Re2 c5 50. b3 b5 51. Rc2 c4 52.
bxc4 Rxc4 53. Rxc4 bxc4 54. Kf4 Ke7 55. g5 Kd6 56. Ke4 c3 57. Kd3 Ke5 58. g6
fxg6 59. fxg6 Kf6 60. Kxc3 Kxg6 1/2-1/2

[Event "Zadar B Open 2016"]
[Site "Zadar"]
[Date "2016.12.14"]
[Round "6.15"]
[White "Spiranec, Noemi"]
[Black "Soric, Romeo"]
[Result "1/2-1/2"]
[WhiteElo "1999"]
[BlackElo "2115"]
[PlyCount "102"]
[EventDate "2016.12.11"]
[EventCountry "CRO"]

1. d4 Nf6 2. c4 e6 3. g3 Bb4+ 4. Bd2 Qe7 5. Nf3 O-O 6. Bg2 a5 7. O-O Bxd2 8.
Nbxd2 d6 9. e4 e5 10. d5 Na6 11. Ne1 Nc5 12. Qc2 c6 13. Nd3 Nfd7 14. Nxc5 Nxc5
15. Nb3 Nxb3 16. axb3 c5 17. Qc3 b6 18. f4 f6 19. Rfe1 Bd7 20. Bf1 Rfb8 21. Re3
Qd8 22. Be2 b5 23. cxb5 Bxb5 24. Bg4 Bd7 25. Bxd7 Qxd7 26. Rxa5 exf4 27. gxf4
Qg4+ 28. Rg3 Qxf4 29. b4 Qxe4 30. Qxf6 Qe1+ 31. Qf1 Qxf1+ 32. Kxf1 cxb4 33.
Rxa8 Rxa8 34. Rb3 Rb8 35. Ke2 Rb5 36. Rd3 Kf7 37. Ke3 g5 38. Kd4 Kf6 39. Rf3+
Kg6 40. Re3 Rb6 41. h3 h5 42. Re6+ Kf5 43. Rh6 h4 44. Rh8 b3 45. Rf8+ Kg6 46.
Rg8+ Kf6 47. Kc4 Rb7 48. Rd8 Ke5 49. Re8+ Kf5 50. Rf8+ Kg6 51. Rd8 Rb6 1/2-1/2

[Event "Zadar B Open 2016"]
[Site "Zadar"]
[Date "2016.12.14"]
[Round "6.16"]
[White "Buhin, Denis"]
[Black "Babic, Andrija"]
[Result "1/2-1/2"]
[WhiteElo "1967"]
[BlackElo "2096"]
[PlyCount "49"]
[EventDate "2016.12.11"]
[EventCountry "CRO"]

1. Nf3 d5 2. c4 d4 3. g3 c5 4. b4 Nf6 5. bxc5 Nc6 6. d3 e5 7. Nbd2 Bxc5 8. Bg2
O-O 9. O-O h6 10. Rb1 Rb8 11. Nb3 Bd6 12. Nfd2 Bg4 13. c5 Bc7 14. Nc4 Nb4 15.
Qd2 Nbd5 16. Bb2 Qd7 17. e4 Ne7 18. Rfc1 Ng6 19. Ba3 Rfc8 20. c6 bxc6 21. Nc5
Qd8 22. Nb7 Qd7 23. Nc5 Qd8 24. Nb7 Qd7 25. Nc5 1/2-1/2

[Event "Zadar B Open 2016"]
[Site "Zadar"]
[Date "2016.12.14"]
[Round "6.17"]
[White "Brzic, Roko"]
[Black "Mandaric, Ante"]
[Result "0-1"]
[WhiteElo "1955"]
[BlackElo "2087"]
[PlyCount "128"]
[EventDate "2016.12.11"]
[EventCountry "CRO"]

1. b3 e5 2. Bb2 Nc6 3. e3 d5 4. Bb5 Bd6 5. Nf3 Qe7 6. d4 e4 7. Ne5 Bxe5 8. dxe5
Be6 9. O-O a6 10. Bxc6+ bxc6 11. Qd4 Nh6 12. Ba3 Nf5 13. Qa4 Qd7 14. Nd2 a5 15.
Rad1 c5 16. Qxd7+ Bxd7 17. Bxc5 h5 18. c4 c6 19. Rc1 Rh6 20. Rfd1 Re6 21. Bd6
Nxd6 22. exd6 f5 23. c5 Kf7 24. Nb1 Ree8 25. Nc3 Ke6 26. Na4 Rab8 27. Nb6 Rxb6
28. cxb6 Kxd6 29. Rd2 Rb8 30. Rdc2 Rxb6 31. Rc5 Ra6 32. g3 g5 33. h4 gxh4 34.
gxh4 Ke5 35. Kf1 f4 36. Ke2 Ra8 37. Rg1 Kd6 38. Rc3 Bg4+ 39. Kd2 Rf8 40. Ke1 c5
41. Rf1 d4 42. exd4 cxd4 43. Rc4 Kd5 44. Rc7 e3 45. f3 Bxf3 46. Rxf3 Ke4 47.
Rh3 f3 48. Re7+ Kd3 49. Rc7 f2+ 50. Kf1 Kd2 51. Rxe3 Kxe3 52. Re7+ Kd2 53. Rc7
d3 54. a3 Ke3 55. Re7+ Kd4 56. Rd7+ Kc3 57. b4 axb4 58. axb4 Rb8 59. Kxf2 d2
60. Rc7+ Kd3 61. Rd7+ Kc2 62. Rc7+ Kd1 63. Rc4 Rf8+ 64. Kg3 Ke2 0-1

[Event "Zadar B Open 2016"]
[Site "Zadar"]
[Date "2016.12.14"]
[Round "6.18"]
[White "Sulc, Gordana"]
[Black "Komljenovic, Tihomir"]
[Result "0-1"]
[WhiteElo "1888"]
[BlackElo "2073"]
[PlyCount "62"]
[EventDate "2016.12.11"]
[EventCountry "CRO"]

1. e4 Nf6 2. e5 Nd5 3. d4 d6 4. Nf3 g6 5. h3 Bg7 6. Bc4 Nb6 7. Bb5+ c6 8. Bd3
O-O 9. O-O c5 10. exd6 Qxd6 11. dxc5 Qxc5 12. Nbd2 Nd5 13. Ne4 Qc7 14. Qd2 e5
15. Bb5 Nf4 16. Rd1 Bf5 17. Nc3 Nc6 18. Ba4 Rad8 19. Qe3 a6 20. Bxc6 Qxc6 21.
Rd2 Bh6 22. Kh2 Rxd2 23. Bxd2 Rd8 24. Be1 Nxg2 25. Qxh6 Qxf3 26. Qg5 Qxh3+ 27.
Kg1 Rd4 28. Qe7 Rg4 29. Qe8+ Kg7 30. Qxe5+ Kh6 31. Bd2+ Ne3+ 0-1

[Event "Zadar B Open 2016"]
[Site "Zadar"]
[Date "2016.12.14"]
[Round "6.19"]
[White "Novak, Ivo"]
[Black "Egerc, Josip"]
[Result "0-1"]
[WhiteElo "1867"]
[BlackElo "2062"]
[PlyCount "62"]
[EventDate "2016.12.11"]
[EventCountry "CRO"]

1. e4 e6 2. d4 d5 3. Nd2 Nf6 4. e5 Nfd7 5. f4 g6 6. Ndf3 c5 7. c3 Nc6 8. Bd3 h5
9. Qc2 Ne7 10. b3 Nf5 11. Bd2 Qb6 12. Ne2 Be7 13. O-O Qc7 14. Rac1 c4 15. bxc4
dxc4 16. Bxf5 gxf5 17. d5 Qc5+ 18. Ned4 Qxd5 19. Rfd1 Nc5 20. Nb5 Qc6 21. Rb1
Rg8 22. Ng5 a6 23. Nd4 Qc7 24. a4 Nd3 25. Ngf3 b6 26. Ne1 Nxe1 27. Bxe1 Bb7 28.
Rd2 Be4 29. Qb2 Bxb1 30. Qxb1 Rd8 31. Rb2 Rb8 0-1

[Event "Zadar B Open 2016"]
[Site "Zadar"]
[Date "2016.12.14"]
[Round "6.20"]
[White "Gujic, Vladimir"]
[Black "Peric, Davor"]
[Result "1/2-1/2"]
[WhiteElo "2059"]
[BlackElo "1809"]
[PlyCount "99"]
[EventDate "2016.12.11"]
[EventCountry "CRO"]

1. d4 Nf6 2. Nf3 e6 3. c4 Bb4+ 4. Nbd2 b6 5. a3 Bxd2+ 6. Qxd2 Bb7 7. e3 O-O 8.
Be2 Ne4 9. Qd3 f5 10. O-O Qf6 11. b4 d6 12. Bb2 Nd7 13. Rad1 Rad8 14. Nd2 Qg6
15. f3 Nxd2 16. Rxd2 Kh8 17. Qb3 e5 18. d5 Nf6 19. Bd1 Rde8 20. Bc2 Qh5 21. Qc3
Re7 22. Bd1 Qh6 23. Rdf2 Ref7 24. Bc1 Bc8 25. Qb3 g5 26. c5 f4 27. cxd6 cxd6
28. exf4 gxf4 29. Bc2 Rg8 30. Qb1 Rfg7 31. Bf5 Bxf5 32. Qxf5 Nxd5 33. Rd1 Rg5
34. Qc2 Ne3 35. Bxe3 fxe3 36. Re2 Rh5 37. g4 Rh3 38. Qe4 Rf8 39. Qxe3 Rfxf3 40.
Qxh6 Rxh6 41. Red2 Rxa3 42. Rxd6 Rxd6 43. Rxd6 e4 44. Re6 e3 45. Kf1 Kg7 46.
Ke2 Kf7 47. Rh6 Kg7 48. Re6 Kf7 49. Rh6 Kg7 50. Re6 1/2-1/2

[Event "Zadar B Open 2016"]
[Site "Zadar"]
[Date "2016.12.15"]
[Round "7.3"]
[White "Medancic, Rikard"]
[Black "Vidovic, Ante"]
[Result "1-0"]
[WhiteElo "2267"]
[BlackElo "2093"]
[PlyCount "115"]
[EventDate "2016.12.11"]
[EventCountry "CRO"]

1. b3 Nf6 2. Bb2 g6 3. e4 d6 4. g3 Bg7 5. Bg2 c5 6. Ne2 Nc6 7. d4 cxd4 8. Nxd4
O-O 9. Nxc6 bxc6 10. O-O Bb7 11. c4 Qb6 12. Nc3 c5 13. e5 Ne8 14. exd6 Nxd6 15.
Na4 Qc7 16. Bxg7 Kxg7 17. Bxb7 Nxb7 18. Qf3 Nd6 19. Rad1 Rfd8 20. Qe3 Nb7 21.
h4 h5 22. Rfe1 e6 23. Qc3+ Kg8 24. Qf6 Qc6 25. Qe5 Qf3 26. Rxd8+ Rxd8 27. Nxc5
Rd2 28. Ne4 Rd1 29. Rxd1 Qxd1+ 30. Kg2 Nd8 31. Qd6 Qxd6 32. Nxd6 Kf8 33. Kf3 a5
34. Ke4 Nc6 35. a3 f5+ 36. Kd3 Ke7 37. Nb5 Ne5+ 38. Kd4 Nf3+ 39. Ke3 Ne5 40.
Nc3 Nc6 41. f4 Kd6 42. Kd3 e5 43. fxe5+ Kxe5 44. Nd5 Ke6 45. b4 Ne5+ 46. Kc3
axb4+ 47. axb4 Nf3 48. Nf4+ Kf6 49. b5 g5 50. hxg5+ Nxg5 51. c5 Ke7 52. Kc4 h4
53. gxh4 Ne4 54. Nd3 Ke6 55. c6 Nd2+ 56. Kc5 Ke7 57. c7 Kd7 58. b6 1-0

[Event "Zadar B Open 2016"]
[Site "Zadar"]
[Date "2016.12.15"]
[Round "7.4"]
[White "Deur Saric, Zrinka"]
[Black "Muratovic, Enver"]
[Result "1/2-1/2"]
[WhiteElo "2152"]
[BlackElo "2224"]
[PlyCount "60"]
[EventDate "2016.12.11"]
[EventCountry "CRO"]

1. e4 c5 2. Nf3 e6 3. d4 cxd4 4. Nxd4 a6 5. Bd3 Qc7 6. O-O Nc6 7. Nxc6 dxc6 8.
f4 Bc5+ 9. Kh1 h5 10. Nd2 Bd7 11. e5 O-O-O 12. Ne4 Be7 13. Be3 f6 14. Qe2 Nh6
15. Nd6+ Bxd6 16. exd6 Qxd6 17. Bxa6 Qb4 18. c3 Qa5 19. Bc4 e5 20. b4 Qc7 21.
fxe5 Qxe5 22. Bb6 Rde8 23. Qxe5 Rxe5 24. a4 Nf5 25. Rfe1 Rxe1+ 26. Rxe1 Re8 27.
Rxe8+ Bxe8 28. Be6+ Bd7 29. Bf7 h4 30. Kg1 Nd6 1/2-1/2

[Event "Zadar B Open 2016"]
[Site "Zadar"]
[Date "2016.12.15"]
[Round "7.5"]
[White "Popovic, Ivo"]
[Black "Tomas, Ante"]
[Result "1/2-1/2"]
[WhiteElo "2179"]
[BlackElo "2107"]
[PlyCount "22"]
[EventDate "2016.12.11"]
[EventCountry "CRO"]

1. Nf3 Nf6 2. g3 g6 3. Bg2 Bg7 4. O-O O-O 5. d3 d6 6. e4 Bg4 7. Nbd2 Qd7 8. Re1
e5 9. c3 c5 10. Nc4 h6 11. Ne3 Bh3 1/2-1/2

[Event "Zadar B Open 2016"]
[Site "Zadar"]
[Date "2016.12.15"]
[Round "7.6"]
[White "Bozanic, Ivica"]
[Black "Cvitan, Ena"]
[Result "1/2-1/2"]
[WhiteElo "2216"]
[BlackElo "2079"]
[PlyCount "96"]
[EventDate "2016.12.11"]
[EventCountry "CRO"]

1. e4 c6 2. d4 d5 3. Nd2 dxe4 4. Nxe4 Bf5 5. Ng3 Bg6 6. Nh3 e6 7. Nf4 Bd6 8.
Nfh5 Bxh5 9. Nxh5 g6 10. Nf4 Qc7 11. g3 Nd7 12. Bg2 O-O-O 13. O-O e5 14. dxe5
Nxe5 15. c3 h5 16. Qa4 Bc5 17. b4 Bb6 18. b5 Ne7 19. Ba3 g5 20. Ne2 h4 21. Bxe7
Qxe7 22. bxc6 hxg3 23. cxb7+ Kb8 24. hxg3 Qf6 25. Qe4 Rd3 26. Nd4 Rxc3 27. Rad1
g4 28. Rfe1 Nf3+ 29. Nxf3 gxf3 30. Bh3 Qg5 31. Qg4 Qxg4 32. Bxg4 Rg8 33. Rd7
Rc2 34. Re4 Rc1+ 35. Kh2 Rh8+ 36. Bh3 Rc2 37. g4 Bxf2 38. Rxf7 Bb6+ 39. Kg3
Bc7+ 40. Rxc7 Rxc7 41. Rf4 f2 42. Bg2 Rc3+ 43. Kxf2 Rc2+ 44. Kg3 Rxa2 45. g5
Ra5 46. g6 Rg8 47. Be4 Rg5+ 48. Rg4 R8xg6 1/2-1/2

[Event "Zadar B Open 2016"]
[Site "Zadar"]
[Date "2016.12.15"]
[Round "7.7"]
[White "Mihalinec, Damir"]
[Black "Salvaing, Jean-Louis"]
[Result "1-0"]
[WhiteElo "2202"]
[BlackElo "1991"]
[PlyCount "117"]
[EventDate "2016.12.11"]
[EventCountry "CRO"]

1. c4 Nf6 2. Nc3 g6 3. Nf3 Bg7 4. g3 O-O 5. Bg2 d6 6. O-O e5 7. d3 c6 8. Rb1
Qc7 9. b4 b6 10. a4 Bb7 11. Ba3 Nbd7 12. Qb3 Rfe8 13. Rfc1 a6 14. c5 dxc5 15.
bxc5 b5 16. Ng5 Nf8 17. Nce4 Ne6 18. Nxe6 Rxe6 19. Nd6 Bf8 20. e3 Ne8 21. Bh3
Re7 22. d4 exd4 23. exd4 Nf6 24. Re1 Nd5 25. Bg2 Bg7 26. Red1 Bc8 27. Bxd5 cxd5
28. Qxd5 Rb8 29. Nxc8 Qxc8 30. c6 Re6 31. axb5 axb5 32. Rbc1 b4 33. c7 bxa3 34.
cxb8=Q Qxb8 35. Qc4 Bf8 36. Rc2 Qe8 37. d5 Re4 38. Qd3 Bd6 39. Kf1 Qa4 40. Rdd2
Qe8 41. Re2 Rxe2 42. Rxe2 Qd7 43. Qa6 Qh3+ 44. Kg1 Bf8 45. Re8 Kg7 46. Ra8 Qf5
47. Qc4 Bd6 48. Ra6 Qe5 49. Kg2 h5 50. h4 Be7 51. Qd3 Bd6 52. Kh2 Qf6 53. Kg2
Qe5 54. Qf3 Be7 55. Ra4 Qb2 56. Ra7 Qb4 57. Qe3 Kf6 58. Rxe7 Qxe7 59. Qg5+ 1-0

[Event "Zadar B Open 2016"]
[Site "Zadar"]
[Date "2016.12.15"]
[Round "7.8"]
[White "Komljenovic, Tihomir"]
[Black "Elishev, Ivan"]
[Result "1/2-1/2"]
[WhiteElo "2073"]
[BlackElo "2122"]
[PlyCount "110"]
[EventDate "2016.12.11"]
[EventCountry "CRO"]

1. e4 g6 2. d4 Bg7 3. c4 c5 4. d5 d6 5. Nc3 Nf6 6. Bd3 e6 7. Nge2 exd5 8. cxd5
O-O 9. O-O a6 10. a4 Nbd7 11. Bg5 Qc7 12. Qd2 Ng4 13. h3 Nge5 14. Bc2 f6 15.
Bh4 c4 16. f4 Nf7 17. Nd4 Nc5 18. Qe2 f5 19. Qxc4 Ne6 20. Nc6 Nc5 21. Ne7+ Kh8
22. Nxc8 Raxc8 23. exf5 Qb6 24. a5 Qxb2 25. f6 Qxc2 26. fxg7+ Kxg7 27. Qd4+ Kg8
28. Bf6 Nb3 29. Qd1 Rxc3 30. Bxc3 Qxc3 31. Ra2 Qd4+ 32. Qxd4 Nxd4 33. Rb2 Nb5
34. Re1 Nh6 35. Rb4 Nf5 36. g4 Nfd4 37. Re4 Rc8 38. Re7 Rc1+ 39. Kg2 Rc2+ 40.
Kg3 Rc3+ 41. Kg2 Rc2+ 42. Kg3 Rc3+ 43. Kg2 Nb3 44. Rxb7 Nc5 45. Rb8+ Kg7 46. g5
Rd3 47. Rb2 Rxd5 48. Re2 Rf5 49. Kg3 Rf7 50. Ree8 Rd7 51. Kg4 Nd4 52. Rg8+ Kf7
53. Rbe8 Nf5 54. Rgf8+ Kg7 55. Rg8+ Kf7 1/2-1/2

[Event "Zadar B Open 2016"]
[Site "Zadar"]
[Date "2016.12.15"]
[Round "7.9"]
[White "Mandaric, Ante"]
[Black "Totic, Zeljko"]
[Result "0-1"]
[WhiteElo "2087"]
[BlackElo "1962"]
[PlyCount "112"]
[EventDate "2016.12.11"]
[EventCountry "CRO"]

1. d4 Nf6 2. c4 e6 3. Nc3 d5 4. Nf3 c5 5. e3 a6 6. dxc5 Bxc5 7. cxd5 Nxd5 8.
Nxd5 Qxd5 9. Qxd5 exd5 10. Be2 Nc6 11. a3 Be7 12. O-O Bf5 13. Nd4 Nxd4 14. exd4
O-O 15. Bf3 Be6 16. Be3 Rac8 17. Rfc1 h6 18. Kf1 Rfd8 19. Ke2 g5 20. g3 f5 21.
Rxc8 Rxc8 22. Rc1 Rxc1 23. Bxc1 Kf7 24. h4 gxh4 25. gxh4 Kg7 26. h5 Bg5 27. Be3
Kf6 28. Kf1 Bf7 29. Kg2 f4 30. Bd2 Be6 31. Ba5 Ke7 32. Kf1 Bh3+ 33. Ke2 Ke6 34.
Bc7 Bf5 35. Kd2 Bh3 36. Kc3 Kd7 37. Be5 Kc6 38. b4 b5 39. Be2 Bf5 40. Bf3 Bh3
41. Kd2 Bf5 42. Kc3 Bh3 43. Kb3 Bf1 44. Bg4 Kb6 45. Bd6 Bg2 46. Kc3 f3 47. Kb3
Bh4 48. Bf4 Bxf2 49. Kc3 Be1+ 50. Kb3 f2 51. Be2 f1=Q 52. Bxf1 Bxf1 53. Bxh6
Be2 54. Kc2 Bxh5 55. Kd3 Bg6+ 56. Ke3 Bc3 0-1

[Event "Zadar B Open 2016"]
[Site "Zadar"]
[Date "2016.12.15"]
[Round "7.10"]
[White "Egerc, Josip"]
[Black "Luetic, Ante"]
[Result "1-0"]
[WhiteElo "2062"]
[BlackElo "2085"]
[PlyCount "127"]
[EventDate "2016.12.11"]
[EventCountry "CRO"]

1. d4 Nf6 2. c4 e5 3. dxe5 Ng4 4. Nf3 Bc5 5. e3 Nc6 6. a3 a5 7. Bd2 O-O 8. Bc3
Re8 9. Nbd2 d6 10. Ne4 Ba7 11. Be2 Ngxe5 12. Nxe5 Nxe5 13. Ng3 Qe7 14. O-O Be6
15. Qc2 f6 16. Bd4 Bc5 17. b3 Qf7 18. Qb2 Rab8 19. Ne4 b6 20. Bxe5 dxe5 21.
Nxc5 bxc5 22. Qc3 Ra8 23. Bf3 Ra6 24. Rac1 Rb8 25. a4 Rb4 26. Be4 Rab6 27. Bc2
Qe7 28. f4 e4 29. f5 Bc8 30. Rcd1 Rd6 31. Rf4 Bb7 32. Kf2 Bc6 33. Ke1 Kf7 34.
Ke2 g5 35. fxg6+ hxg6 36. Rdf1 Bb7 37. Kf2 g5 38. Rf5 Re6 39. Kg1 Kg6 40. Qe1
Bc8 41. Qg3 Rc6 42. Rd5 f5 43. Rfd1 Rf6 44. Rd8 Be6 45. h4 Rf7 46. hxg5 Rg7 47.
Kf2 Rb6 48. Rh8 Qxg5 49. Qxg5+ Kxg5 50. Ra8 f4 51. Rxa5 fxe3+ 52. Kxe3 Kh4 53.
Rh1+ Kg3 54. Rxc5 Bg4 55. Re5 Rf7 56. Rg5 Re6 57. Bd1 Kxg2 58. Rh4 Rf3+ 59.
Bxf3+ exf3+ 60. Kd4 f2 61. Rgxg4+ Kf3 62. Rf4+ Ke2 63. Re4+ Kd1 64. Rh1+ 1-0

[Event "Zadar B Open 2016"]
[Site "Zadar"]
[Date "2016.12.15"]
[Round "7.11"]
[White "Kejzar, Petra"]
[Black "Valette, Christian"]
[Result "1-0"]
[WhiteElo "2009"]
[BlackElo "2084"]
[PlyCount "57"]
[EventDate "2016.12.11"]
[EventCountry "CRO"]

1. Nf3 Nf6 2. c4 e6 3. g3 b6 4. Bg2 Bb7 5. O-O Be7 6. Nc3 O-O 7. b3 d6 8. Bb2
Nbd7 9. Qc2 c5 10. d4 cxd4 11. Nxd4 Bxg2 12. Kxg2 Qc7 13. Rac1 Rfd8 14. e4 a6
15. Qe2 Qb7 16. f3 Ne5 17. Kh1 Nfd7 18. f4 Nc6 19. Nf3 Bf8 20. Rfd1 Nc5 21. Rd2
b5 22. Ba1 b4 23. Nd1 a5 24. Nf2 a4 25. bxa4 Rxa4 26. Nd4 Rda8 27. Nb5 Qb6 28.
Ng4 Qd8 29. Nh6+ 1-0

[Event "Zadar B Open 2016"]
[Site "Zadar"]
[Date "2016.12.15"]
[Round "7.12"]
[White "Stojkovic, Andreja"]
[Black "Yordanov, Nikolay"]
[Result "1/2-1/2"]
[WhiteElo "1910"]
[BlackElo "2146"]
[PlyCount "85"]
[EventDate "2016.12.11"]
[EventCountry "CRO"]

1. e4 d5 2. exd5 Nf6 3. Bb5+ Bd7 4. Be2 Nxd5 5. d4 Nb6 6. Nf3 Bg4 7. O-O e6 8.
a4 c5 9. a5 N6d7 10. d5 Be7 11. Nc3 O-O 12. dxe6 Bxe6 13. Nd5 Nc6 14. Bf4 Bxd5
15. Qxd5 Nf6 16. Qxd8 Raxd8 17. c3 a6 18. Rfe1 Bd6 19. Bg5 Rfe8 20. Nd2 h6 21.
Bxf6 Bxh2+ 22. Kxh2 Rxd2 23. Bxg7 Kxg7 24. Bf3 Rxe1 25. Rxe1 Nxa5 26. b4 cxb4
27. cxb4 Nc6 28. Bxc6 bxc6 29. Ra1 Rxf2 30. Rxa6 Rb2 31. Rxc6 Rxb4 32. g3 f6
33. Kg2 Kg6 34. Rc5 f5 35. Rc8 Rb6 36. Kf3 Kf6 37. Rc5 Kg5 38. Rc4 Rb3+ 39. Kg2
h5 40. Rc8 Rb4 41. Rg8+ Kf6 42. Rf8+ Kg6 43. Rg8+ 1/2-1/2

[Event "Zadar B Open 2016"]
[Site "Zadar"]
[Date "2016.12.15"]
[Round "7.13"]
[White "Soric, Romeo"]
[Black "Simunic, Krunoslav"]
[Result "1-0"]
[WhiteElo "2115"]
[BlackElo "1866"]
[PlyCount "45"]
[EventDate "2016.12.11"]
[EventCountry "CRO"]

1. c4 e6 2. g3 d5 3. Bg2 c5 4. Nf3 Nf6 5. O-O Nc6 6. cxd5 exd5 7. d4 cxd4 8.
Nxd4 Bc5 9. Nxc6 bxc6 10. Qc2 Qb6 11. Nc3 Bd6 12. Be3 Qc7 13. Na4 Bd7 14. Nc5
O-O 15. Rac1 Rac8 16. a3 a5 17. Qa4 Ng4 18. Bd2 Bxc5 19. Rxc5 Qb6 20. Qd4 a4
21. Rxd5 Qxd4 22. Rxd4 Be6 23. Rxa4 1-0

[Event "Zadar B Open 2016"]
[Site "Zadar"]
[Date "2016.12.15"]
[Round "7.14"]
[White "Babic, Andrija"]
[Black "Spiranec, Noemi"]
[Result "0-1"]
[WhiteElo "2096"]
[BlackElo "1999"]
[PlyCount "164"]
[EventDate "2016.12.11"]
[EventCountry "CRO"]

1. e4 c5 2. Nf3 e6 3. d4 cxd4 4. Nxd4 a6 5. Bd3 Nf6 6. O-O Qc7 7. Nc3 Be7 8.
Kh1 d6 9. f4 Nbd7 10. Be2 b5 11. Bf3 Bb7 12. a3 O-O 13. Nb3 Rac8 14. Be3 Qb8
15. Qe1 Qa8 16. Bf2 Qb8 17. Rd1 Ba8 18. Bh4 e5 19. Bg4 Rce8 20. Bxd7 Nxd7 21.
f5 Qd8 22. Rxd6 Bxh4 23. Qd2 Bg5 24. Qd3 Qc8 25. Rxd7 Bc6 26. Rd6 Be7 27. f6
Bxf6 28. Rdxf6 gxf6 29. Rf5 Kh8 30. Qe3 Rg8 31. Nd2 Rg6 32. Nf1 Bd7 33. Rf2 f5
34. exf5 Bxf5 35. Ng3 Bd7 36. Rxf7 Kg8 37. Rf1 Qc4 38. b3 Qc6 39. Nce4 Bc8 40.
Qf3 Bb7 41. Qf7+ Kh8 42. Rd1 Rg7 43. Qh5 Qg6 44. Nf6 Rf8 45. Qxg6 hxg6 46. Ng4
e4 47. Re1 Re7 48. Ne3 Rf2 49. Kg1 Rd2 50. Ngf1 Rd8 51. h3 Kg7 52. Kh2 Kf6 53.
Kg3 a5 54. Nh2 Bc8 55. Nhf1 Rd4 56. Kf4 a4 57. bxa4 bxa4 58. Rb1 Rb7 59. Ng4+
Kg7 60. Re1 Rb2 61. Nfe3 Bb7 62. Ke5 Rd8 63. c4 Ra2 64. Rb1 Ba8 65. Rb6 Rxa3
66. Ra6 Re8+ 67. Kf4 Ra2 68. Ra7+ Kf8 69. Kg5 Bc6 70. Kf6 Ra8 71. Rh7 Ke8 72.
Ne5 Rf2+ 73. Ke6 Ra6 74. Kd6 Rf6+ 75. Kc5 a3 76. N3g4 Re6 77. Rh8+ Ke7 78. Rh7+
Kd8 79. Nf7+ Kc8 80. Nd6+ Rxd6 81. Kxd6 Bd7+ 82. Ke5 Bxg4 0-1

[Event "Zadar B Open 2016"]
[Site "Zadar"]
[Date "2016.12.15"]
[Round "7.15"]
[White "Klasan, Elvis"]
[Black "Brkic, Ivica"]
[Result "0-1"]
[WhiteElo "1949"]
[BlackElo "2083"]
[PlyCount "150"]
[EventDate "2016.12.11"]
[EventCountry "CRO"]

1. e4 e6 2. d4 d5 3. exd5 exd5 4. Nf3 Nf6 5. Bd3 h6 6. Bf4 Bd6 7. Bxd6 Qxd6 8.
c3 O-O 9. O-O Bg4 10. h3 Bh5 11. Nbd2 Nbd7 12. Qc2 Bxf3 13. Nxf3 c5 14. dxc5
Nxc5 15. Nd4 Ne6 16. Nf5 Qc7 17. Ng3 a6 18. Rad1 b5 19. Rfe1 Rad8 20. Bf5 Rfe8
21. Bxe6 fxe6 22. Qg6 Qf7 23. Qxf7+ Kxf7 24. f3 Rc8 25. Rd2 Rc6 26. Kf2 g6 27.
Rde2 Nd7 28. Rd1 Re7 29. Nf1 h5 30. Nd2 e5 31. Nb3 Nf6 32. Rde1 e4 33. Nd4 Rc4
34. a3 Rec7 35. Rd1 h4 36. Re3 Rc8 37. Ne2 g5 38. Nd4 Kg6 39. Ne2 R4c5 40. Nd4
R5c7 41. Ne6 Re7 42. Nd4 Rf7 43. Kg1 Rb7 44. Ne6 Rb6 45. Nd4 a5 46. Nc2 Kf5 47.
fxe4+ dxe4 48. Rd4 Rc4 49. Re2 Rxd4 50. Nxd4+ Kg6 51. Nb3 b4 52. Nxa5 bxc3 53.
bxc3 Rb1+ 54. Kf2 Rc1 55. c4 Kf5 56. Ke3 Rc3+ 57. Kd4 Rd3+ 58. Kc5 Rxa3 59. Kb4
Ra1 60. Nb3 Rb1 61. Kc3 Ke5 62. Nd2 Rb8 63. Nb3 Rc8 64. Kb4 Nh5 65. c5 Ng3 66.
Re1 Nf5 67. Nd2 e3 68. Nc4+ Kf4 69. Rf1+ Ke4 70. Re1 Rc6 71. Kb5 Nd4+ 72. Ka4
e2 73. Rc1 Rxc5 74. Kb4 Rxc4+ 75. Kxc4 Nc2 0-1

[Event "Zadar B Open 2016"]
[Site "Zadar"]
[Date "2016.12.15"]
[Round "7.16"]
[White "Bilus-Gagic, Ante"]
[Black "Gujic, Vladimir"]
[Result "0-1"]
[WhiteElo "1904"]
[BlackElo "2059"]
[PlyCount "86"]
[EventDate "2016.12.11"]
[EventCountry "CRO"]

1. e4 c5 2. Nc3 Nc6 3. g3 g6 4. Bg2 Bg7 5. Nge2 d6 6. d3 e6 7. Be3 Nd4 8. Rb1
Ne7 9. O-O O-O 10. Qd2 Rb8 11. a4 a6 12. b4 Nxe2+ 13. Nxe2 Qc7 14. c4 Bd7 15.
b5 axb5 16. axb5 Rfe8 17. Bh6 Bh8 18. f4 f5 19. h3 Ra8 20. Kh2 Ra3 21. Bg5 b6
22. Qc2 Qa7 23. Nc1 Bg7 24. Rb3 Qa4 25. Rf2 Ra1 26. Rb2 Bd4 27. Rf1 Qxc2 28.
Rxc2 Ra3 29. Ra2 Rxa2 30. Nxa2 Kf7 31. Nc1 fxe4 32. dxe4 Ra8 33. Bxe7 Kxe7 34.
Ne2 Bg7 35. e5 Ra2 36. Nc3 Rc2 37. exd6+ Kxd6 38. Rd1+ Kc7 39. Na4 Bd4 40. Kh1
Ra2 41. Nxb6 Kxb6 42. g4 Ra1 43. Rxa1 Bxa1 0-1

[Event "Zadar B Open 2016"]
[Site "Zadar"]
[Date "2016.12.15"]
[Round "7.17"]
[White "Trippold, Denise"]
[Black "Buhin, Denis"]
[Result "0-1"]
[WhiteElo "2057"]
[BlackElo "1967"]
[PlyCount "84"]
[EventDate "2016.12.11"]
[EventCountry "CRO"]

1. d4 c5 2. d5 Nf6 3. c4 b5 4. cxb5 a6 5. bxa6 Bxa6 6. Nc3 g6 7. e4 Bxf1 8.
Kxf1 d6 9. Nf3 Nbd7 10. g3 Bg7 11. Kg2 O-O 12. a4 Qb6 13. Qc2 Ng4 14. Nb5 Rfc8
15. h3 Nge5 16. Nxe5 Nxe5 17. Be3 Qb7 18. Ra3 Ra6 19. Rd1 Nd7 20. b3 Rb6 21.
Bc1 Ra8 22. Bb2 Nb8 23. Bxg7 Kxg7 24. h4 Na6 25. h5 Nb4 26. Qc3+ Kg8 27. hxg6
fxg6 28. Raa1 Rf8 29. f3 Rf7 30. Rh1 Na6 31. Rh6 Qd7 32. Rah1 e5 33. dxe6 Qxe6
34. Qa5 d5 35. exd5 Qe2+ 36. Kh3 Qxf3 37. Re1 Qf5+ 38. Kh2 Qf2+ 39. Kh3 Rf3 40.
Re8+ Kg7 41. Rxg6+ hxg6 42. Re7+ Kh6 0-1

[Event "Zadar B Open 2016"]
[Site "Zadar"]
[Date "2016.12.15"]
[Round "7.18"]
[White "Stallinger, Vanessa"]
[Black "Bubicic, Josip Dr"]
[Result "0-1"]
[WhiteElo "1845"]
[BlackElo "2051"]
[PlyCount "66"]
[EventDate "2016.12.11"]
[EventCountry "CRO"]

1. e4 e5 2. Nf3 Nc6 3. Bb5 a6 4. Ba4 Nf6 5. O-O Bc5 6. Nxe5 Nxe4 7. Nxc6 dxc6
8. d3 Nf6 9. Re1+ Be6 10. Bb3 Nd5 11. d4 Be7 12. Nd2 O-O 13. c3 Qd7 14. Ne4 b6
15. Qf3 Bg4 16. Qg3 Rae8 17. f3 Bf5 18. Bh6 Bg6 19. Bd2 Qd8 20. Rf1 Bh4 21. Qh3
f5 22. Nf2 f4 23. g3 Bg5 24. Rad1 Re2 25. Bc1 fxg3 26. hxg3 Bxc1 27. Rxc1 Rxf3
28. Bd1 Qg5 29. Ng4 Rxf1+ 30. Qxf1 Rxb2 31. Bf3 h5 32. Ne5 Qxg3+ 33. Bg2 Ne3
0-1

[Event "Zadar B Open 2016"]
[Site "Zadar"]
[Date "2016.12.15"]
[Round "7.19"]
[White "Glavicic, Tino"]
[Black "Simunic, Neno"]
[Result "1/2-1/2"]
[WhiteElo "2037"]
[BlackElo "1842"]
[PlyCount "84"]
[EventDate "2016.12.11"]
[EventCountry "CRO"]

1. d4 d5 2. Nf3 Nf6 3. c4 e6 4. Nc3 Be7 5. Bg5 O-O 6. e3 Nbd7 7. Qc2 h6 8. Bh4
c5 9. cxd5 Nxd5 10. Bxe7 Qxe7 11. Nxd5 exd5 12. dxc5 Nxc5 13. Be2 Be6 14. O-O
Rac8 15. Rfc1 Ne4 16. Qa4 a6 17. Qd4 Qf6 18. Qxf6 Nxf6 19. Kf1 Rxc1+ 20. Rxc1
Rc8 21. Rxc8+ Bxc8 22. Nd4 Kf8 23. Ke1 Ke7 24. f3 Bd7 25. Kd2 Kd6 26. Kc3 Ng8
27. Bd3 Ne7 28. g4 Nc6 29. Nxc6 Kxc6 30. Kd4 Kd6 31. h4 f6 32. Bg6 Be6 33. a4
a5 34. h5 b6 35. Bf5 Bf7 36. Bc2 Be8 37. Bd1 Bd7 38. Bb3 Bc6 39. f4 Bb7 40. Bd1
Bc6 41. Bb3 Bb7 42. Bd1 Bc6 1/2-1/2